000 00693nam a2200241Ia 4500
005 20260121112604.0
008 7206 260114s9999 xx 000 0 eng d
020 _a9789812818492
037 _aEBOOK
040 _aCRL
_beng
_cCRL
041 _aeng
_2eng
084 _qCRL
100 _aKoh Thiam Seng & Lee Sai Choo
_9960035
245 0 _aInformation Communication Technology in Education: Singapore'S Ict Masterplans 1997-2008
260 _bWorld Scientific
260 _bWSPC
260 _c2008
650 _aEducation
_9960036
856 _uhttps://www.worldscientific.com/worldscibooks/10.1142/6881#t=toc
942 _cEBOOK
999 _c1544506
_d1544506